Meilleurs marqueurs de l'histoire des Spurs de San Antonio - Statistiques

Statistiques générales
  • Ce quiz a été pris 130 fois
  • Le résultat moyen est 5 sur 10
Statistiques - réponses
Place Nom du joueur Période Pays Points % Correct
4e Tony Parker 2001 - 2018 France 18 943
100%
1er Tim Duncan 1997 - 2016 États-Unis 26 496
96%
3e David Robinson 1989 - 2003 États-Unis 20 790
85%
5e Manu Ginóbili 2002 - 2018 Argentine 14 043
85%
2e George Gervin 1973 -1985 États-Unis 23 602
50%
10e LaMarcus Aldridge 2015 - 2021 États-Unis 7 325
39%
8e Sean Elliott 1989 - 1993 / 1994 - 2001 États-Unis 9 659
16%
6e James Silas 1972 - 1981 États-Unis 10 290
4%
9e Larry Kenon 1975 - 1980 États-Unis 8 248
3%
7e Mike Mitchell 1981 - 1987 États-Unis 9 799
2%
Aucun quiz correspondant
Distribution des résultats
% des personnes avec chaque résultat
Percentile par nombre de réponses
Votre historique - résultats
Vous n’avez pas pris ce quiz